Elementary differential equations

Bewaard in:
Bibliografische gegevens
Hoofdauteur: Boyce, Wiiliam E.
Formaat: Boek
Taal:Undetermined
Gepubliceerd in: New Yersey John Wiley & Son 2003
Onderwerpen:
Tags: Voeg label toe
Geen labels, Wees de eerste die dit record labelt!
Thư viện lưu trữ: Trung tâm Học liệu Trường Đại học Cần Thơ
LEADER 00574nam a2200193Ia 4500
001 CTU_218631
008 210402s9999 xx 000 0 und d
082 |a 515.35 
082 |b B789 
100 |a Boyce, Wiiliam E. 
245 0 |a Elementary differential equations 
245 0 |c Wiiliam E. Boyce 
260 |a New Yersey 
260 |b John Wiley & Son 
260 |c 2003 
650 |a Differential equations,Boundary value problems 
904 |i Tuyến 
910 |a Sách kèm đĩa có số AV.003645 
980 |a Trung tâm Học liệu Trường Đại học Cần Thơ